00805 a2200265 4500260001200000100002000012700001800032700001400050700001600064700001800080440000600098260003600104300001100140245010000151650002100251650001200272650002500284300003000309260000900339130000700348440005200355651000900407999001700416952010600433 aFlorida aPOATS, Susan V.1 aLICHTE, John 1 aOXLEY, J.1 aRUSSO, S.L.1 aSTARKEY, P.H. n1 bFarming Systems Support Project a187 p. aAnimal traction in a farming systems perspective : a farming system support project networkshop aTraction animale aElevage aSystème de culture bCouv. ill. en coul., ill. c1985 lEn aFarming Systems Support Project Network Report  aTogo c24957d24957 00104070aBIDOCbBIDOCd0000-00-00l0o125.ESR.09r2009-02-28 00:00:00t1w2009-02-28yLIVRzA.3798